| 000 | 00626nam a2200169 a 4500 | ||
|---|---|---|---|
| 008 | 120416s1979 ||||||||||||||||| || u | ||
| 050 | _aHF 5832 Bet | ||
| 100 | _aBettman, James R | ||
| 245 | 1 | 3 | _aAn information processing theory of consumer choice |
| 260 |
_aReading, [Mass.] _bAddison-Wesley _c1979 |
||
| 300 | _axiv, 402p. : ill. | ||
| 350 | _a0.00 | ||
| 650 | _aCONSUMERS--DECISION MAKING | ||
| 650 | _aINFORMATION THEORY | ||
| 650 | _aINFORMATION PROCESSING | ||
| 995 |
_D0.00 _FCBU-MAIN LIBRARY (Kitwe) _H1 _I0.00 _M1 _UAVAILABLE _ZMain Library Open Access Collection |
||
| 999 |
_c46895 _d46895 |
||